000 00481nam a2200181Ia 4500
008 090123s9999 xx 000 0 und d
082 _b1097
100 _aमोकाशी दि.बा.
245 _aपालखी
250 _a1
260 _bभागवत वा.पु.
300 _a160
600 _aमोकाशी दि.बा.
630 _aपालखी
700 _aमोकाशी दि.बा.
730 _aपालखी
942 _cBOOK
999 _c39181
_d39181